| 000 | 01757nam a22003854a 4500 | ||
|---|---|---|---|
| 001 | ebr10171553 | ||
| 003 | CaPaEBR | ||
| 006 | m u | ||
| 007 | cr cn||||||||| | ||
| 008 | 040812s2004 ne a sb 001 0 eng | ||
| 010 | _z 2004058141 | ||
| 020 | _z9004140093 (alk. paper) | ||
| 040 |
_aCaPaEBR _cCaPaEBR |
||
| 035 | _a(OCoLC)191935009 | ||
| 041 | 0 | _aeng | |
| 043 | _ae------ | ||
| 050 | 1 | 4 |
_aB765.Z9 _bL36 2004eb |
| 082 | 0 | 4 |
_a160/.9/02 _222 |
| 245 | 0 | 0 |
_aLogica modernorum in Prague about 1400 _h[electronic resource] : _bthe sophistria disputation 'Quoniam quatuor' (MS Cracow, Jagiellonian Library 686, FF. 1RA-79RB), with a partial reconstruction of Thomas of Cleve's Logica / _cedition with an introduction and appendices by E.P. Bos. |
| 260 |
_aLeiden ; _aBoston : _bBrill, _c2004. |
||
| 300 |
_axv, 481 p. : _bill. |
||
| 490 | 1 |
_aStudien und Texte zur Geistesgeschichte des Mittelalters, _x0169-8028 ; _vBd. 82 |
|
| 504 | _aIncludes bibliographical references (p. 38-41) and indexes. | ||
| 533 |
_aElectronic reproduction. _bPalo Alto, Calif. : _cebrary, _d2013. _nAvailable via World Wide Web. _nAccess may be limited to ebrary affiliated libraries. |
||
| 650 | 0 | _aLogic, Medieval. | |
| 650 | 0 |
_aLanguage and logic _vEarly works to 1800. |
|
| 650 | 0 |
_aSemantics (Philosophy) _vEarly works to 1800. |
|
| 655 | 7 |
_aElectronic books. _2local |
|
| 700 | 1 |
_aBos, Egbert P., _d1947- |
|
| 700 | 0 | 2 |
_aThomas, _cde Clivis, _d14th cent. _tSpeculum logicale. |
| 710 | 2 | _aebrary, Inc. | |
| 730 | 0 | 2 | _aQuoniam quatuor. |
| 830 | 0 |
_aStudien und Texte zur Geistesgeschichte des Mittelalters ; _vBd. 82. |
|
| 856 | 4 | 0 |
_uhttp://site.ebrary.com/lib/rucke/Doc?id=10171553 _zAn electronic book accessible through the World Wide Web; click to view |
| 999 |
_c139007 _d139007 |
||